Trí thức Việt Nam bước vào thời kỳ hội nhập
Khái quát về trí thức và đội ngũ trí thức, những vấn đề đặt ra đối với trí thức Việt Nam, thực trạng đội ngũ trí thức Việt Nam, phương hướng và giải pháp phát triển đội ngũ trí thức Việt Nam trong thời kỳ hội nhập....
محفوظ في:
| المؤلف الرئيسي: | |
|---|---|
| التنسيق: | كتاب |
| اللغة: | Undetermined |
| منشور في: |
Hà Nội
Đại học Quốc gia Hà Nội
2009
|
| الموضوعات: | |
| الوسوم: |
إضافة وسم
لا توجد وسوم, كن أول من يضع وسما على هذه التسجيلة!
|
| Thư viện lưu trữ: | Trung tâm Học liệu Trường Đại học Cần Thơ |
|---|
| LEADER | 01113nam a2200217Ia 4500 | ||
|---|---|---|---|
| 001 | CTU_231155 | ||
| 008 | 210402s9999 xx 000 0 und d | ||
| 020 | |c 37000 | ||
| 082 | |a 323.3231 | ||
| 082 | |b H556 | ||
| 100 | |a Nguyễn, Đắc Hưng | ||
| 245 | 0 | |a Trí thức Việt Nam bước vào thời kỳ hội nhập | |
| 245 | 0 | |c Nguyễn Đắc Hưng | |
| 260 | |a Hà Nội | ||
| 260 | |b Đại học Quốc gia Hà Nội | ||
| 260 | |c 2009 | ||
| 520 | |a Khái quát về trí thức và đội ngũ trí thức, những vấn đề đặt ra đối với trí thức Việt Nam, thực trạng đội ngũ trí thức Việt Nam, phương hướng và giải pháp phát triển đội ngũ trí thức Việt Nam trong thời kỳ hội nhập. | ||
| 650 | |a Chủ nghĩa xã hội và trí thức quốc gia,Trí thức,National socialism and intellectuals,Intellectuals | ||
| 650 | |z Việt Nam,Vietnam | ||
| 910 | |b vtbtruc | ||
| 980 | |a Trung tâm Học liệu Trường Đại học Cần Thơ | ||